000 00730nam a2200265Ia 4500
003 OSt
005 20220923211035.0
006 a|||||r|||| 00| 0
007 ta
008 220922b |||||||| |||| 00| 0 hin d
020 _a8171950876 (hbk)
024 _a235,943
037 _cTextual
040 _aARTS
_cARTS
_bhin
041 _2hin
_ahin
082 _aQ31:21112, 152P6
100 _aतुलसी
_9157482
245 0 _aसूयगडो, महाप्रज्ञ सम्पा
246 _aSūyagaḍo, hināpragna sampā0
260 _c2006
300 _a783p.
_ccm.
650 _aधर्म
942 _hQ31:21112, 152P6
_cTEXL
_2CC
999 _c294379
_d294379